Дело о распределении фармацевтических и ветеринарных чиновников по трем отделениям, в зависимости от их успехов при испытаниях

Доступно только в Электронных читальных залах Найти на картеНа карте
RUSMARC
00004168nmc2a2200000 x 450
001800e6166-c3eb-4c43-8285-6d3a0632f607
00520151215092450.0
100##$a20150828l18211822k l0rusy0189 ca
1010#$arus
102##$aRU
2001#$aДело о распределении фармацевтических и ветеринарных чиновников по трем отделениям, в зависимости от их успехов при испытаниях
$j26 декабря 1821 г. - 14 января 1822 г.
251##$cДело
300##$aДело
300##$aОриг. заголовок дела: Дело по представлению попечителя Московского учебного округа о распределении фармацевтических и ветеринарных чиновников по трем отделениям. Ануио, Крамер, Рейнеке, Шейд. 26 декабря 1821 г. - 14 января 1822 г
801#0$aRU
$bРГИА
$c20150828
$gRCR
801#1$aRU
$bГлавНИВЦ
$c20150828
$2rusmarc
801#2$aRU
$bПБ им. Б.Н. Ельцина
$c20151215
$gRCR
$2rusmarc
850##$aРГИА
852##$aРГИА
$eФедеральное казенное учреждение "Российский государственный исторический архив" (РГИА)
$j110
937##$hРГИА
$d12086072
$aASBIBLIO_SCAN
462#0$100110dcdccd-ec79-4ee8-a204-b9d031b41c04
$12001
$aМедицинские дела Департамента народного просвещения
$1251
$cОпись
$1852
$j99
461#0$1001a74412a3-3cc5-4d21-8f0a-dfe2fbd9e72d
$12001
$aДепартамент народного просвещения Министерства народного просвещения
$1251
$cФонд
$1852
$j733
215##$a8 л.
$d36,5x26 см
371##$aДокумент не является опубликованным и широко распространяемым
5171#$aДело по представлению попечителя Московского учебного округа о распределении фармацевтических и ветеринарных чиновников по трем отделениям. Ануио, Крамер, Рейнеке, Шейд. 26 декабря 1821 г. - 14 января 1822 г
105##$aу###
1222#$ad
035##$a800e6166-c3eb-4c43-8285-6d3a0632f607
Формат отображения